Score 0/24 Timer 08:00
3 Plays Today
% Correct
Lucy Liu
In The Sky With Diamonds
83%
Mustang
Sally Field
80.7%
Good Golly Miss
Molly Ringwald
79.9%
Jack &
Diane Keaton
70.9%
Proud
Mary Tyler Moore
70.1%
Maggie Smith
May
66%
Minnie Driver
The Moocher
60.4%
Cracklin'
Rosie O'Donnell
59.5%
867-5309 |
Jenny McCarthy
58.2%
Rockin'
Robin Wright
55.1%
Brandy
(You're A Fine Girl)
54.5%
Walk Away
Renee Zellweger
51.1%
% Correct
Come On
Eileen Brennan
51%
Ruby Dee
Tuesday
47.2%
Judy Garland
In Disguise (With Glasses)
44.5%
Helen Mirren
Wheels
39.8%
Tell Laura Dern
I Love Her
38.6%
Dirty
Diana Rigg
37.7%
Take A Letter
Maria Bello
37.5%
Meet
Virginia Madsen
37.3%
Sweet
Jane Fonda
37.2%
Dawn Wells
(Go Away)
35.9%
Lovely
Rita Moreno
31.8%
Martha Plimpton
My Dear
28.9%
Remove Ads.
Support Sporcle.
Get the best of Sporcle when you Go Orange. This ad-free experience offers more features, more stats, and more fun while also helping to support Sporcle. Thank you for becoming a member.

You're not logged in!

Compare scores with friends on all Sporcle quizzes.
OR
Log In

Show Comments

Extras

Top Quizzes Today


Score Distribution

Your Account Isn't Verified!

In order to create a playlist on Sporcle, you need to verify the email address you used during registration. Go to your Sporcle Settings to finish the process.

Report this User

Report this user for behavior that violates our Community Guidelines.

Details: